Carregant...

Molecular confirmation and biological interactions /

Dades bibliogràfiques
Autor principal: Balaram, P.
Altres autors: Ramasheshan, S.
Format: Printed Book
Publicat: Bangalore : Indian Academy of Sciences , 1991.
Matèries:
LEADER 00682cam a2200205ua 4500
008 051209s1991 g b000 u Eng u
020 |a 81-85324-12-3  |c R 350 
044 |a   
082 1 4 |a 547.750 442 N1 
100 1 |a Balaram, P. 
245 0 0 |a Molecular confirmation and biological interactions /   |h Textual Documents 
260 |a Bangalore : Indian Academy of Sciences ,   |c 1991. 
300 |a  ;  
365 |a R 350 
650 0 |a Molecular structure 
650 0 |a Proteins 
700 1 |a Ramasheshan, S. 
942 |c BK 
999 |c 103545  |d 103545 
952 |0 0  |1 0  |4 0  |6 547_750000000000000_442_N1  |7 0  |9 98179  |a SCS  |b SCS  |d 2014-06-26  |h R 350  |l 0  |o 547.750 442 N1  |p SCS01669  |r 2014-06-26  |w 2014-06-26  |y BK